000 01698nam a2200385 c 4500
003 BLK
005 20240405005332.0
008 180413b bul|||||r ||||||| ||bul||
010 _aKNG00026849000
020 _a954-8560-36-4
_bиздат.: Парнас
040 _aBLK
041 _aBUL
_cBUL
080 _aСоциална география. Икономическа география. География на туризма
_b338:91
_x(100)(075.8)
_z338:91(100)(075.8)
100 _aДойков, Васил Георгиев
_gГеограф, краевед, писател
_d1930-2018
_9364377
700 1 _aДерменджиев, Атанас Харалампиев
_eсъавт.
_9364631
139 _aДойков, Васил Георгиев и др.
_bД 71
245 1 0 _aСтопанска география на континентите Азия, Африка, Австралия, Антарктика
_bУчебник за студентите от ВУЗ
_cВасил Георгиев Дойков; съавт. Атанас Харалампиев Дерменджиев.
257 _aBGR
260 Русе
_bПарнас
_c1999
300 _a240 с.
_bс табл., к.
_c23 см
380 _a3
650 4 _aИкономическа география
_9267598
651 4 _aАзия
_9253598
651 4 _aАфрика
_9246452
651 4 _aАвстралия
_9178508
651 4 _aАнтарктида
_9178534
653 _aгеография
653 _aконтиненти
852 _aЦб 199867
856 4 _qpdf
_u
856 4 _qpdf
_u
942 _cKNG
_n0
_01
944 _aCR
_c15.01.2003
_k
_lCRON CRON
944 _aED
_c30.05.2006
_k
999 _c24339
_d24339